|
|
|
|
| LEADER |
00000cam a2200000 4500 |
| 001 |
AAQ00013970 |
| 003 |
AR-BaUAD |
| 005 |
20250527142723.0 |
| 008 |
931213s1968 ag e 000 0 spa d |
| 040 |
|
|
|a AR-BaUAD
|b spa
|c AR-BaUAD
|
| 041 |
|
|
|a spa
|
| 044 |
|
|
|c ar
|2 ISO3166-1
|
| 080 |
|
|
|a 72.01
|
| 100 |
1 |
|
|a Sacriste, Eduardo,
|d 1905-1999
|
| 245 |
1 |
0 |
|a Charlas a principiantes /
|c Eduardo Sacriste
|
| 260 |
|
|
|a Rosario :
|b Facultad de Ciencias, Ingeniería y Arquitectura,
|c 1968
|
| 300 |
|
|
|a 46 p.
|
| 500 |
|
|
|a Datos obtenidos de la cubierta.
|
| 500 |
|
|
|a Texto mimeografiado.
|
| 653 |
|
|
|a TEORIA
|
| 653 |
|
|
|a ARQUITECTURA
|
| 653 |
|
|
|a DISEÑO
|
| 653 |
|
|
|a ESTETICA
|
| 653 |
|
|
|a SACRISTE, EDUARDO
|
| 655 |
|
|
|a TEXTO
|
| 852 |
|
|
|c 32-5
|
| 942 |
|
|
|c BK
|
| 952 |
|
|
|0 0
|1 0
|4 0
|6 325
|7 0
|9 9474
|a AR-BaUAD
|b AR-BaUAD
|d 2023-09-08
|e sin asentar ni inventariar
|i 13970
|l 0
|o 32-5
|p 35duw13970
|r 2023-09-08 14:04:35
|w 2023-09-08
|y BK
|
| 952 |
|
|
|0 0
|1 0
|4 0
|7 0
|9 9475
|a AR-BaUAD
|b AR-BaUAD
|d 0000-00-00
|e donac Arq. Petroni
|g 14500.00
|i 22519
|l 0
|p rfyd522519
|r 2023-09-08 14:04:35
|w 2023-09-08
|y BK
|
| 990 |
|
|
|a Ej. No1 : 13970 . -- sin asentar ni inventariar
|b ADM
|
| 990 |
|
|
|a Ej. No2 : 22519 . 13/3/1990 -- donac Arq. Petroni -- (14500 australes).
|b ADM
|
| 990 |
|
|
|a 7945
|b OS
|
| 990 |
|
|
|a 8173
|b OS
|
| 990 |
|
|
|a 13683
|b OS
|
| 990 |
|
|
|a 14705
|b OS
|
| 990 |
|
|
|a 28732
|b OS
|
| 990 |
|
|
|a 32804
|b OS
|
| 990 |
|
|
|a 35847
|b OS
|
| 990 |
|
|
|a MJO
|b OP
|
| 990 |
|
|
|a AQ196
|b TD
|
| 990 |
|
|
|a AAQ00013970
|b CC
|
| 998 |
|
|
|a AAQ
|b Bibun 76
|
| 999 |
|
|
|c 4342
|d 4342
|